<?xml version="1.0" encoding="UTF-8"?>
<record
    xmlns:xsi="http://www.w3.org/2001/XMLSchema-instance"
    xsi:schemaLocation="http://www.loc.gov/MARC21/slim http://www.loc.gov/standards/marcxml/schema/MARC21slim.xsd"
    xmlns="http://www.loc.gov/MARC21/slim">

  <leader>00986nam a22002537a 4500</leader>
  <controlfield tag="005">20100826122442.0</controlfield>
  <controlfield tag="008">090109t        xxu||||| |||| 00| 0urd d</controlfield>
  <datafield tag="010" ind1=" " ind2=" ">
    <subfield code="a">UR-7994</subfield>
  </datafield>
  <datafield tag="020" ind1=" " ind2=" ">
    <subfield code="c">450.00</subfield>
    <subfield code="a">978-93-80124-10-0</subfield>
  </datafield>
  <datafield tag="035" ind1=" " ind2=" ">
    <subfield code="a">U-6549</subfield>
  </datafield>
  <datafield tag="037" ind1=" " ind2=" ">
    <subfield code="b">DBAD/PUB</subfield>
  </datafield>
  <datafield tag="040" ind1=" " ind2=" ">
    <subfield code="a">DPL</subfield>
    <subfield code="b">urdu</subfield>
  </datafield>
  <datafield tag="082" ind1=" " ind2=" ">
    <subfield code="a">8411</subfield>
  </datafield>
  <datafield tag="100" ind1=" " ind2=" ">
    <subfield code="9">12785</subfield>
    <subfield code="a">&#x642;&#x627; &#x62F; &#x631; &#x6CC; &#x634;&#x631; &#x641;&#x6CC; &#x633;&#x6CC;&#x62F; &#x634;&#x627; &#x6C1; &#x645;&#x62D;&#x645;&#x62F; &#x62C;&#x645;&#x6CC;&#x644; &#x627; &#x644;&#x62F; &#x6CC;&#x646;</subfield>
  </datafield>
  <datafield tag="245" ind1=" " ind2=" ">
    <subfield code="a">&#x639;&#x631; &#x634; &#x641;&#x6AF;&#x646; /</subfield>
    <subfield code="b"> </subfield>
    <subfield code="c">&#x642;&#x627; &#x62F; &#x631; &#x6CC; &#x634;&#x631; &#x641;&#x6CC; &#x633;&#x6CC;&#x62F; &#x634;&#x627; &#x6C1; &#x645;&#x62D;&#x645;&#x62F; &#x62C;&#x645;&#x6CC;&#x644; &#x627; &#x644;&#x62F; &#x6CC;&#x646;</subfield>
  </datafield>
  <datafield tag="246" ind1=" " ind2=" ">
    <subfield code="a">Arsh Figan</subfield>
    <subfield code="b">by Syed Shah Mohd. Jameeluddin Qadri Sharfi</subfield>
  </datafield>
  <datafield tag="260" ind1=" " ind2=" ">
    <subfield code="a">&#x62D;&#x6CC;&#x62F; &#x631; &#x622; &#x628;&#x627; &#x62F;</subfield>
    <subfield code="c">2010</subfield>
    <subfield code="b">&#x627; &#x644;&#x627; &#x646;&#x635;&#x627; &#x631; &#x67E;&#x628;&#x644;&#x6CC; &#x6A9;&#x6CC;&#x634;&#x646;&#x632;</subfield>
  </datafield>
  <datafield tag="270" ind1=" " ind2=" ">
    <subfield code="a">Riyasat Nagar</subfield>
    <subfield code="b">Hyderabad </subfield>
    <subfield code="e">500 059</subfield>
    <subfield code="k">9391301192</subfield>
  </datafield>
  <datafield tag="300" ind1=" " ind2=" ">
    <subfield code="a">374 &#x635;</subfield>
    <subfield code="c">22 &#x633; &#x645; (Hb)</subfield>
  </datafield>
  <datafield tag="650" ind1=" " ind2=" ">
    <subfield code="9">12786</subfield>
  </datafield>
  <datafield tag="700" ind1=" " ind2=" ">
    <subfield code="9">54088</subfield>
  </datafield>
  <datafield tag="942" ind1=" " ind2=" ">
    <subfield code="2">ddc</subfield>
    <subfield code="c">UR</subfield>
    <subfield code="h">8411</subfield>
    <subfield code="m">&#x642; &#x627; &#x62F; </subfield>
  </datafield>
  <datafield tag="999" ind1=" " ind2=" ">
    <subfield code="c">71899</subfield>
    <subfield code="d">71899</subfield>
  </datafield>
  <datafield tag="952" ind1=" " ind2=" ">
    <subfield code="0">0</subfield>
    <subfield code="1">0</subfield>
    <subfield code="2">ddc</subfield>
    <subfield code="4">0</subfield>
    <subfield code="7">0</subfield>
    <subfield code="8">NFIC</subfield>
    <subfield code="a">DBAD</subfield>
    <subfield code="b">DBAD</subfield>
    <subfield code="d">2012-12-06</subfield>
    <subfield code="g">450.00</subfield>
    <subfield code="l">0</subfield>
    <subfield code="o">8411 &#x642; &#x627; &#x62F;</subfield>
    <subfield code="p">U-6549</subfield>
    <subfield code="r">2012-12-06 00:00:00</subfield>
    <subfield code="t">1</subfield>
    <subfield code="v">450.00</subfield>
    <subfield code="y">UR</subfield>
  </datafield>
</record>
